|
|
|
|
| LEADER |
00000nam0a2200000 4500 |
| 001 |
377802 |
| 005 |
20231102012942.0 |
| 035 |
|
|
|a (RuTPU)RU\TPU\retro\35255
|
| 090 |
|
|
|a 377802
|
| 100 |
|
|
|a 20230406d1978 m y0rusy50 ca
|
| 101 |
0 |
|
|a rus
|
| 102 |
|
|
|a RU
|
| 105 |
|
|
|a a j 001zy
|
| 200 |
1 |
|
|a Расчет на ЭВМ параметров потока и профилирования лопаток осевого компрессора по радиусу
|e учебное пособие
|f Е. В. Солохина, А. А. Митрофанов
|g Московский авиационный институт
|
| 210 |
|
|
|a Москва
|c [Б. и.]
|d 1978
|
| 215 |
|
|
|a 82 с.
|c ил.
|
| 320 |
|
|
|a Библиогр.: с. 80
|
| 606 |
1 |
|
|a Компрессоры осевые
|x Лопатки
|2 stltpush
|3 (RuTPU)RU\TPU\subj\15115
|9 41410
|
| 610 |
1 |
|
|a профилирование
|
| 610 |
1 |
|
|a поток
|
| 610 |
1 |
|
|a параметры
|
| 610 |
1 |
|
|a расчет
|
| 610 |
1 |
|
|a дозвуковые ступени
|
| 610 |
1 |
|
|a сверхзвуковые профили
|
| 610 |
1 |
|
|a геометрические параметры
|
| 610 |
1 |
|
|a учебные пособия
|
| 675 |
|
|
|a 621.515-2(075.8)
|v 4
|
| 700 |
|
1 |
|a Солохина
|b Е. В.
|g Евгения Викторовна
|
| 701 |
|
1 |
|a Митрофанов
|b А. А.
|g Анатолий Алексеевич
|
| 712 |
0 |
2 |
|a Московский авиационный институт
|c (1930- )
|2 stltpush
|3 (RuTPU)RU\TPU\col\3642
|9 23867
|
| 801 |
|
1 |
|a RU
|b 63413507
|c 20230406
|
| 942 |
|
|
|c BK
|